000 00859nam a22002417a 4500
005 20180310111109.0
010 _aBAC-EN21 ENG-111607
020 _a9789350485002
_c500.00
035 _aEN-95139
035 _aB-578770-795
035 _aB-667791
037 _bOcean Books/Ven
_adpl
037 _bDBAD/PUB
082 _a480
100 _aRashmeet Kaur
245 _aSpoken English digest :
_cby Rashmeet Kaur
_b101 English conversations /
260 _aNew Delhi
_bPrabhat Books
_c2013
270 _a4/19 Asaf Ali Road
_bNew Delhi
_e110002
300 _a400p.
_c22cm(Hb)
942 _2ddc
_cEN
_mRAS
_h480
999 _c89710
_d89710